000 00552nam a2200193Ia 4500
005 20250507130223.0
008 008 250505s9999 xx 000 0 eng d
037 _aSeries Article
040 _aEASL
_beng
_cEASL
041 _aeng
_2eng
084 _qEASL
100 _aMitter Rana
245 0 _aClassifying citizens in nationalist china during world war11,1937-1941
260 _aUK
_bCambridge Cambridge University Press UK
_c2011
300 _a243-270
650 _aAsian Studies
942 _cSRA
999 _c1318391
_d1318391